Introduction to nutrition and metabolism / (Record no. 21323)
[ view plain ]
| 000 -LEADER | |
|---|---|
| fixed length control field | 01359cam a22002895a 4500 |
| 001 - CONTROL NUMBER | |
| control field | 14708658 |
| 005 - DATE AND TIME OF LATEST TRANSACTION | |
| control field | 20160306135815.0 |
| 006 - FIXED-LENGTH DATA ELEMENTS--ADDITIONAL MATERIAL CHARACTERISTICS--GENERAL INFORMATION | |
| fixed length control field | a||||f ||z 00| 0 |
| 008 - FIXED-LENGTH DATA ELEMENTS--GENERAL INFORMATION | |
| fixed length control field | 070122t2008 flua frb 001 0 eng d |
| 020 ## - INTERNATIONAL STANDARD BOOK NUMBER | |
| International Standard Book Number | 9781420043129 |
| 020 ## - INTERNATIONAL STANDARD BOOK NUMBER | |
| International Standard Book Number | 1420043129 |
| 040 ## - CATALOGING SOURCE | |
| Original cataloging agency | DNLM/DLC |
| Transcribing agency | DLC |
| Modifying agency | BAKER |
| -- | NLM |
| -- | BTCTA |
| -- | C#P |
| -- | YDXCP |
| -- | UKM |
| -- | DLC |
| -- | EG-ScBUE |
| Language of cataloging | eng |
| 082 04 - DEWEY DECIMAL CLASSIFICATION NUMBER | |
| Edition number | 22 |
| Classification number | 612.39 |
| Item number | BEN |
| 100 1# - MAIN ENTRY--PERSONAL NAME | |
| Personal name | Bender, David A. |
| 9 (RLIN) | 39487 |
| 245 10 - TITLE STATEMENT | |
| Title | Introduction to nutrition and metabolism / |
| Statement of responsibility, etc | David A. Bender. |
| 246 30 - VARYING FORM OF TITLE | |
| Title proper/short title | Nutrition and metabolism |
| 250 ## - EDITION STATEMENT | |
| Edition statement | 4th ed. |
| 260 ## - PUBLICATION, DISTRIBUTION, ETC. (IMPRINT) | |
| Place of publication, distribution, etc | Boca Raton : |
| Name of publisher, distributor, etc | CRC Press / Taylor & Francis Group, |
| Date of publication, distribution, etc | c.2008. |
| 300 ## - PHYSICAL DESCRIPTION | |
| Extent | xxi, 416 p. : |
| Other physical details | ill. ; |
| Dimensions | 26 cm. + |
| Accompanying material | CD-ROM (4 3/4 in.) |
| 500 ## - GENERAL NOTE | |
| General note | Index : p. 403-416. |
| 504 ## - BIBLIOGRAPHY, ETC. NOTE | |
| Bibliography, etc | Includes bibliographical references. |
| 505 0# - FORMATTED CONTENTS NOTE | |
| Formatted contents note | Why eat? -- Enzymes and metabolic pathways -- The role of ATP in metabolism -- Digestion and absorption -- Energy nutrition--the metabolism of carbohydrates and fats -- Diet and health--nutrition and chronic diseases -- Overweight and obesity -- Protein-energy malnutrition--problems of undernutrition -- Protein nutrition and metabolism -- The integration and control of metabolism -- Micronutrients--the vitamins and minerals. |
| 650 #7 - SUBJECT ADDED ENTRY--TOPICAL TERM | |
| Topical term or geographic name as entry element | Nutrition. |
| Source of heading or term | BUEsh |
| 9 (RLIN) | 19370 |
| 650 #0 - SUBJECT ADDED ENTRY--TOPICAL TERM | |
| Topical term or geographic name as entry element | Metabolism. |
| Source of heading or term | BUEsh |
| 9 (RLIN) | 37467 |
| 653 ## - INDEX TERM--UNCONTROLLED | |
| Resource For college | Pharmacy |
| Arrived date list | March2016 |
| 942 ## - ADDED ENTRY ELEMENTS (KOHA) | |
| Source of classification or shelving scheme | Dewey Decimal Classification |
| Withdrawn status | Item status | Source of classification or shelving scheme | Damaged status | Not for loan | Vendor | Home library | Current library | Shelving location | Date acquired | Source of acquisition | Cost, normal purchase price | Serial Enumeration / chronology | Total Checkouts | Total Renewals | Full call number | Barcode | Date last seen | Date last borrowed | Cost, replacement price | Koha item type |
|---|---|---|---|---|---|---|---|---|---|---|---|---|---|---|---|---|---|---|---|---|
| Dewey Decimal Classification | Central Library | Central Library | First floor | 06/03/2016 | Purchase | 660.00 | 2 | 4 | 8 | 612.39 BEN | 000031893 | 15/07/2025 | 17/03/2018 | 825.00 | Book - Borrowing | |||||
| Dewey Decimal Classification | Central Library | Central Library | First floor | 06/03/2016 | Purchase | 660.00 | 2 | 612.39 BEN | 000031894 | 24/08/2022 | 825.00 | CD | DVD - With book |